000
00308nam a2200121Ia 4500
008
190216s9999||||xx |||||||||||||| ||und||
100
_a
Herman A Szymanski & Robert E Yelin
245
0
_a
Nmr Band Hand Book
260
_b
Plenum Press
_c
1968
300
_a
432p
650
_a
Chemistry-Chemistry
942
_c
BK
999
_c
2418
_d
2418